| 000 | 01266nam a2200265 i 4500 | ||
|---|---|---|---|
| 001 | 159099 | ||
| 003 | ES-MaACL | ||
| 005 | 20250822235426.0 | ||
| 008 | 931025s1789 sp |||| | spa d | ||
| 040 |
_aGA _bspa _cPAB |
||
| 100 | 1 |
_aMasdéu, Juan Francisco, _d1744-1817 _9129694 |
|
| 245 | 1 | 0 |
_aHistoria critica de España, y de la cultura española ... / _cescrita en italiano por D. Juan Francisco de Masdeu ... ; traducida al idioma español por N ... N ... ; tomo VI, España romana, continuacion de la Colección de lápidas y medallas... |
| 260 |
_aEn Madrid : _bpor don Antonio de Sancha : _bse hallará en su Librería ..., _c1789. |
||
| 300 |
_a658, [2] p. ; _c21 cm. |
||
| 500 | _aEncabezamiento completado con Aguilar, V, p. 530 y prelim. de tomo IX, libro I. | ||
| 594 | _aN..., N... es pseudónimo de Juan Francisco Masdeu, Rogers, p. 320. | ||
| 597 | _aAntep. | ||
| 597 | _aSign.: [ ]4, B-Z4, 2A-2Z4, 3A-3Z4, 4A-4N4, 4O2. | ||
| 650 | 7 |
_aMedallas antiguas _2embne _9136477 |
|
| 650 | 0 | 4 |
_aInscripciones latinas- _zEspaña. _913821 |
| 651 | 7 |
_aEspaña- _xHistoria- _y218 a.C.-414 d.C. (Época romana) _2 _9168873 |
|
| 852 |
_aES-MaACL _jR-270-89 _z-- Enc. pasta _x Olim: C-44-63 |
||
| 999 |
_c159099 _d159099 |
||